Word Scramble - Capitals - Statistics

General Stats
  • This quiz has been taken 15 times
  • The average score is 2 of 15
Answer Stats
Hint Answer % Correct
Capital of Greece Athens
100%
Remove B T Add S M A Asmara
23%
Remove E H N Add B A Rabat
23%
Remove M A Add L B I I Brasilia
8%
Remove K P Add N S A San Jose
8%
Remove I I B L Add V J O E Sarajevo
8%
Remove A R A V Add K P Skopje
8%
Remove S Add R Tehran
8%
Remove C R U Add T H N E A Athens
0%
Remove A N J O Add R B U L S Brussels
0%
Remove L P I O Add S S E A C Castries
0%
Remove R S S B U Add K H I I N Helsinki
0%
Remove N S H E Add R P A Palikir
0%
Remove S T A I Add U Sucre
0%
Remove T O Add A K Tripoli
0%
No matching quizzes found
Score Distribution
Percent of People with Each Score
Percentile by Number Answered
Your Score History
You have not taken this quiz